000 005770000a22001810004500
003 MACL
005 20160514131733.0
008 160514b xxu||||| |||| 00| 0 eng d
040 _aMACL
_cMACL
041 _aHindi
082 _a891.433 BAL
100 _aबाली, इन्‍दु
_957030
245 _aमानो, न मानो
_cइन्‍दु बाली
260 _aनई दिल्‍ली
_bए. आर. एस. पब्लिशर्स
_c2011
350 _a300
650 _aलघु कथा
_957031
942 _cHIN
_k891.433/BAL/S
_2ddc
999 _c46719
_d46719